| 000 | 00505nam a22001697a 4500 | ||
|---|---|---|---|
| 005 | 20231204123317.0 | ||
| 008 | 231204b |||||||| |||| 00| 0 eng d | ||
| 020 | _a9780409070580 ; 9780409070580 | ||
| 041 | _aEnglish | ||
| 082 | _a349 JOU | ||
| 100 |
_aJoubert, WA _lEnglish |
||
| 245 |
_aThe Law of South Africa / _cWA Joubert |
||
| 260 |
_aDurban : _bLexisNexis, _c2008 |
||
| 300 |
_bxiii, 428 pages ; _c26 cm. |
||
| 650 |
_aLegal practice _bLaw |
||
| 942 |
_cBK _6ALISON_BN_VRIES |
||
| 999 |
_c1107 _d1107 |
||